在世界地图上随机对应写出首都(中国版)Sequential capitals of the world (China ver.) - Statistics

General Stats
  • This quiz has been taken 120 times
  • The average score is 77 of 197
Answers on the Map
Answers color-coded by a green-red scale on the quiz's map according to % correct below.
 
Answer Stats
国家 首都 % Correct
意大利 罗马
71%
阿根廷 布宜诺斯艾利斯
63%
埃及 开罗
63%
冰岛 雷克雅未克
63%
朝鲜 平壤
63%
墨西哥 墨西哥城
63%
瑞典 斯德哥尔摩
63%
土耳其 安卡拉
63%
伊朗 德黑兰
63%
巴基斯坦 伊斯兰堡
58%
丹麦 哥本哈根
58%
德国 柏林
58%
俄罗斯 莫斯科
58%
韩国 首尔
58%
加拿大 渥太华
58%
柬埔寨 金边
58%
老挝 万象
58%
美国 华盛顿
58%
塔吉克斯坦 杜尚别
58%
乌克兰 基辅
58%
叙利亚 大马士革
58%
印度 新德里
58%
中国 北京
58%
阿拉伯联合酋长国 阿布扎比
54%
爱尔兰 都柏林
54%
巴西 巴西利亚
54%
波兰 华沙
54%
法国 巴黎
54%
捷克 布拉格
54%
马尔代夫 马累
54%
蒙古 乌兰巴托
54%
缅甸 内比都
54%
挪威 奥斯陆
54%
日本 东京
54%
沙特阿拉伯 利雅得
54%
西班牙 马德里
54%
英国 伦敦
54%
越南 河内
54%
阿富汗 喀布尔
50%
奥地利 维也纳
50%
澳大利亚 堪培拉
50%
巴拿马 巴拿马城
50%
白俄罗斯 明斯克
50%
比利时 布鲁塞尔
50%
不丹 廷布
50%
菲律宾 马尼拉
50%
芬兰 赫尔辛基
50%
哥伦比亚 波哥大
50%
古巴 哈瓦那
50%
荷兰 阿姆斯特丹
50%
卡塔尔 多哈
50%
克罗地亚 萨格勒布
50%
利比亚 的黎波里
50%
马来西亚 吉隆坡
50%
南非 比勒陀利亚/开普敦/布隆方丹
50%
尼泊尔 加德满都
50%
瑞士 伯尔尼
50%
泰国 曼谷
50%
乌兹别克斯坦 塔什干
50%
希腊 雅典
50%
也门 萨那
50%
伊拉克 巴格达
50%
智利 圣地亚哥
50%
爱沙尼亚 塔林
46%
巴勒斯坦 耶路撒冷
46%
保加利亚 索非亚
46%
秘鲁 利马
46%
厄瓜多尔 基多
46%
刚果民主共和国 金沙萨
46%
哈萨克斯坦 阿斯塔纳
46%
孟加拉国 达卡
46%
葡萄牙 里斯本
46%
塞尔维亚 贝尔格莱德
46%
斯里兰卡 科伦坡
46%
索马里 摩加迪沙
46%
新西兰 惠灵顿
46%
匈牙利 布达佩斯
46%
以色列 特拉维夫/耶路撒冷
46%
阿尔及利亚 阿尔及尔
42%
格鲁吉亚 第比利斯
42%
吉尔吉斯斯坦 比什凯克
42%
科威特 科威特城
42%
肯尼亚 内罗毕
42%
拉脱维亚 里加
42%
立陶宛 维尔纽斯
42%
罗马尼亚 布加勒斯特
42%
斯洛伐克 布拉迪斯拉发
42%
斯洛文尼亚 卢布尔雅那
42%
苏丹 喀土穆
42%
突尼斯 突尼斯城
42%
乌拉圭 蒙得维的亚
42%
约旦 安曼
42%
阿塞拜疆 巴库
38%
埃塞俄比亚 亚的斯亚贝巴
38%
安哥拉 罗安达
38%
波斯尼亚和黑塞哥维那 萨拉热窝
38%
玻利维亚 苏克雷/拉巴斯
38%
东帝汶 帝力
38%
海地 太子港
38%
黎巴嫩 贝鲁特
38%
摩洛哥 拉巴特
38%
坦桑尼亚 多多马
38%
土库曼斯坦 阿什哈巴德
38%
委内瑞拉 加拉加斯
38%
印度尼西亚 努山塔拉
38%
阿尔巴尼亚 地拉那
33%
阿曼 马斯喀特
33%
巴拉圭 亚松森
33%
北马其顿 斯科普里
33%
多米尼加 圣多明各
33%
厄立特里亚 阿斯马拉
33%
刚果共和国 布拉柴维尔
33%
津巴布韦 哈拉雷
33%
卢森堡 卢森堡
33%
马达加斯加 塔那那利佛
33%
马耳他 瓦莱塔
33%
马里 巴马科
33%
摩尔多瓦 基希讷乌
33%
南苏丹 朱巴
33%
尼日尔 尼亚美
33%
塞拉利昂 弗里敦
33%
圣马力诺 圣马力诺
33%
危地马拉 危地马拉城
33%
亚美尼亚 埃里温
33%
乍得 恩贾梅纳
33%
巴哈马 拿骚
29%
伯利兹 贝尔莫潘
29%
布基纳法索 瓦加杜古
29%
多哥 洛美
29%
佛得角 普拉亚
29%
黑山 波德戈里察
29%
洪都拉斯 特古西加尔巴
29%
吉布提 吉布提
29%
几内亚 科纳克里
29%
几内亚比绍 比绍
29%
喀麦隆 雅温得
29%
毛里塔尼亚 努瓦克肖特
29%
塞内加尔 达喀尔
29%
塞浦路斯 尼科西亚
29%
圣多美和普林西比 圣多美
29%
所罗门群岛 霍尼亚拉
29%
特立尼达和多巴哥 西班牙港
29%
新加坡 新加坡
29%
赞比亚 卢萨卡
29%
中非 班吉
29%
安道尔 安道尔
25%
安提瓜和巴布达 圣约翰
25%
巴布亚新几内亚 莫尔兹比港
25%
巴林 麦纳麦
25%
博茨瓦纳 哈博罗内
25%
布隆迪 基特加
25%
赤道几内亚 马拉博
25%
多米尼克 罗索
25%
斐济 苏瓦
25%
冈比亚 班珠尔
25%
哥斯达黎加 圣何塞
25%
格林纳达 圣乔治
25%
圭亚那 乔治敦
25%
加纳 阿克拉
25%
加蓬 利伯维尔
25%
科特迪瓦 亚穆苏克罗
25%
莱索托 马塞卢
25%
利比里亚 蒙罗维亚
25%
卢旺达 基加利
25%
马拉维 利隆圭
25%
毛里求斯 路易港
25%
密克罗尼西亚联邦 帕利基尔
25%
摩纳哥 摩纳哥
25%
莫桑比克 马普托
25%
纳米比亚 温得和克
25%
尼加拉瓜 马那瓜
25%
尼日利亚 阿布贾
25%
萨尔瓦多 圣萨尔瓦多
25%
萨摩亚 阿皮亚
25%
塞舌尔 维多利亚
25%
斯威士兰 姆巴巴内
25%
苏里南 帕拉马里博
25%
汤加 努库阿洛法
25%
瓦努阿图 维拉港
25%
乌干达 坎帕拉
25%
牙买加 金斯敦
25%
巴巴多斯 布里奇敦
21%
贝宁 波多诺伏
21%
梵蒂冈 梵蒂冈城
21%
基里巴斯 塔拉瓦
21%
科摩罗 莫罗尼
21%
库克群岛 阿瓦鲁阿
21%
列支敦士登 瓦杜兹
21%
马绍尔群岛 马朱罗
21%
瑙鲁 亚伦
21%
圣基茨和尼维斯 巴斯特尔
21%
圣文森特和格林纳丁斯 金斯敦
21%
图瓦卢 富纳富提
21%
文莱 斯里巴加湾市
21%
纽埃 阿洛菲
17%
圣卢西亚 卡斯特里
17%
帕劳 梅莱凯奥克
13%
No matching quizzes found
Score Distribution
Percent of People with Each Score
Percentile by Number Answered
Your Score History
You have not taken this quiz